Component expert systems : a case study in fault diagnosis

Bibliographic Details
Main Author: Keravnou, ET
Other Authors: Johnson, L
Format: Book
Published: New York : McGraw-Hill Book Co. , 1986
Subjects:

MARC

LEADER 00000cam a2200000 7i4500
001 0000008913
002 000009713
005 20000330.0
020 |a 0070341680 
090 0 0 |a 006.33   |b KER 
100 1 |a Keravnou, ET 
245 1 0 |a Component expert systems :   |b a case study in fault diagnosis   |c ET Keravnou and L Johnson 
260 |a New York :   |b McGraw-Hill Book Co. ,   |c 1986 
300 |a 320 p. ;   |c 24 cm. 
650 0 0 |a Automatic checkout equipment 
650 0 0 |a Expert systems 
700 1 |a Johnson, L 
999 |a 020907   |b BUKU   |c RUJUKAN   |e PERPUSTAKAAN KOMUNITI PETALING JAYA 
999 |a 020908   |b BUKU   |c PINJAMAN   |e PERPUSTAKAAN KOMUNITI PETALING JAYA